Alumni tracer web application with descriptive analytics and notifications for external relations and alumni affairs office in university of Mindanao Digos College / (Record no. 22254)
[ view plain ]
| 000 -LEADER | |
|---|---|
| fixed length control field | 00951nam a22002057a 4500 |
| 003 - CONTROL NUMBER IDENTIFIER | |
| control field | OSt |
| 005 - DATE AND TIME OF LATEST TRANSACTION | |
| control field | 20250211174203.0 |
| 008 - FIXED-LENGTH DATA ELEMENTS--GENERAL INFORMATION | |
| fixed length control field | 241005b |||||||| |||| 00| 0 eng d |
| 040 ## - CATALOGING SOURCE | |
| Transcribing agency | 0 |
| 100 ## - MAIN ENTRY--PERSONAL NAME | |
| Personal name | Aceron, Joshua Leocer B. |
| Relator term | author. |
| 9 (RLIN) | 62353 |
| 245 ## - TITLE STATEMENT | |
| Title | Alumni tracer web application with descriptive analytics and notifications for external relations and alumni affairs office in university of Mindanao Digos College / |
| Statement of responsibility, etc. | Joshua Leocer B. Aceron, Reinhard D. Angcan, Wendy Elaine May T. Ramos, and Cyvil Dave Dasargo. |
| 260 ## - PUBLICATION, DISTRIBUTION, ETC. (IMPRINT) | |
| Place of publication, distribution, etc. | Philippines ; |
| Name of publisher, distributor, etc. | University of Mindanao, |
| Date of publication, distribution, etc. | 2022. |
| 300 ## - PHYSICAL DESCRIPTION | |
| Extent | volume 14, pages 495-524 , |
| Other physical details | illustration. |
| 500 ## - GENERAL NOTE | |
| General note | Research Journal, v. 14, iss. 1, pages 495-524, 2022. |
| 700 ## - ADDED ENTRY--PERSONAL NAME | |
| Personal name | Aceron, Joshua Leocer B. |
| Relator term | author. |
| 9 (RLIN) | 62353 |
| 700 ## - ADDED ENTRY--PERSONAL NAME | |
| Personal name | Angcan, Reinhard D. |
| Relator term | author. |
| 9 (RLIN) | 64599 |
| 700 ## - ADDED ENTRY--PERSONAL NAME | |
| Personal name | Ramos, Wendy Elaine May T. |
| Relator term | author. |
| 9 (RLIN) | 64600 |
| 700 ## - ADDED ENTRY--PERSONAL NAME | |
| Personal name | Dasargo, Cyvil Dave. |
| Relator term | author. |
| 9 (RLIN) | 64601 |
| 942 ## - ADDED ENTRY ELEMENTS (KOHA) | |
| Source of classification or shelving scheme | Dewey Decimal Classification |
| Koha item type | Periodicals |
| Withdrawn status | Lost status | Source of classification or shelving scheme | Damaged status | Not for loan | Collection code | Home library | Current library | Date acquired | Total Checkouts | Date last seen | Price effective from | Koha item type | Public note |
|---|---|---|---|---|---|---|---|---|---|---|---|---|---|
| Dewey Decimal Classification | Periodicals | UM Digos College - LIC | UM Digos College - LIC | 10/05/2024 | 10/05/2024 | 10/05/2024 | Periodicals | Periodical Article |
